|
|
|
|
| LEADER |
00000nam a2200000 a 4500 |
| 005 |
20120917182554.0 |
| 007 |
cr|||| |||| |
| 008 |
120705s2012 spc b 000 0 spa c |
| 017 |
|
|
|a DL B. 16380-2012
|b Biblioteca de Catalunya
|
| 020 |
|
|
|a 9788476988374
|
| 035 |
|
|
|a 6686
|
| 040 |
|
|
|d vLex
|
| 043 |
|
|
|a e-sp---
|b e-sp---
|2 catmarc
|
| 090 |
|
|
|c 3429
|d 3429
|
| 245 |
0 |
3 |
|a La Violencia intrafamiliar
|h [Recurso electrn̤ico] :
|b menores, jv̤enes y gňero : una mirada desde la prc̀tica profesional /
|c Concepcin̤ Nieto Morales (coord.)
|
| 256 |
|
|
|a Servicio en ln̕ea
|
| 260 |
|
|
|a Barcelona :
|b J.M. Bosch,
|c 2012
|
| 300 |
|
|
|a 1 recurso electrn̤ico
|
| 504 |
|
|
|a Bibliografa̕
|
| 506 |
1 |
|
|a Contenido solo disponible en los productos indicados
|d vLex Global
|d vLex Global (Academic Edition, excluding Law Schools)
|d vLex Global (U.S. Academic Edition, Law Schools)
|d vLex Global (U.S. Academic Edition, excluding Law Schools)
|d vLex Global (Academic Edition, Law Schools)
|
| 650 |
0 |
4 |
|a Estudios de mujeres
|z Espaą
|
| 650 |
0 |
4 |
|a Violencia en la familia
|z Espaą
|
| 650 |
0 |
4 |
|a Violencia contra las mujeres
|z Espaą
|
| 650 |
0 |
4 |
|a Menores maltratados
|z Espaą
|
| 650 |
0 |
4 |
|a Mujeres maltratadas
|z Espaą
|
| 700 |
1 |
|
|a Nieto Morales, Concepcin̤
|
| 740 |
0 |
|
|a vLex Libros (Servicio en ln̕ea)
|
| 830 |
|
0 |
|a Bosch penal
|
| 856 |
4 |
0 |
|u http://vlex.com/source/violencia-intrafamiliar-menores-jovenes-genero-6686
|z Acceso restringido
|
| 942 |
|
|
|c BOOK
|
| 999 |
0 |
|
|a Women's studies
|
| 999 |
0 |
|
|a Family violence
|
| 999 |
0 |
|
|a Women--Abuse of; Wife abuse
|